[Event "WLS-ch"]
[Site "Cardiff"]
[Date "2008.03.23"]
[Round "5"]
[White "Sully, David John"]
[Black "Trevelyan, John"]
[Result "1/2-1/2"]
[WhiteElo "2112"]
[BlackElo "2185"]
[PlyCount "33"]
[EventDate "2008.03.21"]
[EventType "swiss"]
[EventRounds "7"]
[EventCountry "WLS"]
[SourceTitle "CBM 123 Extra"]
[Source "ChessBase"]
[SourceDate "2008.05.06"]
[SourceVersion "1"]
[SourceVersionDate "2008.05.06"]
[SourceQuality "1"]

1. e4 d6 2. Nc3 Nf6 3. g3 e5 4. Bg2 Nc6 5. h3 g6 6. Nge2 Be6 7. d4 exd4 8. Nxd4 Nxd4 9. Qxd4 Bg7 10. 0-0 0-0 11. Qd3 Qc8 12. Kh2 Nd7 13. f4 Nc5 14. Qe3 Bc4 15. Re1 Re8 16. Bd2 Nd7 17. Qf3 1/2-1/2

[Event "South Wales Winter op"]
[Site "Newport"]
[Date "2008.01.06"]
[Round "4"]
[White "Sully, David John"]
[Black "Kendall, Paul SN"]
[Result "1/2-1/2"]
[WhiteElo "2108"]
[BlackElo "2254"]
[PlyCount "50"]
[EventDate "2008.01.04"]
[EventType "swiss"]
[EventRounds "5"]
[EventCountry "WLS"]
[SourceTitle "EXT 2010"]
[Source "ChessBase"]
[SourceDate "2010.11.25"]
[SourceVersion "1"]
[SourceVersionDate "2010.11.25"]
[SourceQuality "1"]

1. e4 e5 2. Nc3 Nf6 3. g3 d5 4. exd5 Nxd5 5. Bg2 Nxc3 6. bxc3 Nc6 7. Rb1 Bc5 8. Ne2 0-0 9. 0-0 Re8 10. d3 Bb6 11. h3 Be6 12. c4 Qf6 13. Nc3 Rad8 14. Ne4 Qe7 15. Ng5 Bf5 16. Bd5 Rf8 17. Kh2 Nd4 18. c3 Ne6 19. f4 exf4 20. gxf4 c6 21. Be4 Bxe4 22. Nxe4 f5 23. Ng3 Qh4 24. d4 Bc7 25. Qf3 b6 1/2-1/2

[Event "South Wales Winter op"]
[Site "Newport"]
[Date "2008.01.04"]
[Round "1"]
[White "Dixon, Chris"]
[Black "Sully, David John"]
[Result "1/2-1/2"]
[WhiteElo "1864"]
[BlackElo "2108"]
[PlyCount "62"]
[EventDate "2008.01.04"]
[EventType "swiss"]
[EventRounds "5"]
[EventCountry "WLS"]
[SourceTitle "EXT 2010"]
[Source "ChessBase"]
[SourceDate "2010.11.25"]
[SourceVersion "1"]
[SourceVersionDate "2010.11.25"]
[SourceQuality "1"]

1. f4 b6 2. Nf3 Bb7 3. e3 g6 4. Be2 Bg7 5. 0-0 f5 6. d4 Nf6 7. c4 e6 8. Nc3 a5 9. d5 Na6 10. dxe6 dxe6 11. Qa4+ Qd7 12. Qxd7+ Nxd7 13. Nd4 Nac5 14. Ncb5 Rc8 15. Na7 Ra8 16. Nab5 Kd8 17. Rd1 Kc8 18. Bf3 Bxf3 19. Nxf3 Kb7 20. Rb1 Rad8 21. b3 Ne4 22. Ba3 Ndc5 23. b4 axb4 24. Bxb4 Bf6 25. Nbd4 h6 26. a4 g5 27. a5 g4 28. Ne5 Bxe5 29. fxe5 Na6 30. Be1 Rhe8 31. axb6 c5 1/2-1/2

[Event "BCF-chT4 0708 (4NCL)"]
[Site "England"]
[Date "2007.11.25"]
[Round "4.1"]
[White "Mayhew, Andrew"]
[Black "Sully, David John"]
[Result "1-0"]
[WhiteElo "2015"]
[BlackElo "2135"]
[PlyCount "89"]
[EventDate "2007.09.15"]
[EventType "team-swiss"]
[EventRounds "11"]
[EventCountry "ENG"]
[SourceTitle "EXT 2009"]
[Source "ChessBase"]
[SourceDate "2008.11.26"]
[SourceVersion "1"]
[SourceVersionDate "2008.11.26"]
[SourceQuality "1"]
[WhiteTeam "Grendel's Mother"]
[BlackTeam "Pontypridd"]
[WhiteTeamCountry "ENG"]
[BlackTeamCountry "ENG"]

1. b3 e5 2. Bb2 d6 3. e3 Nd7 4. c4 g6 5. Nf3 Bg7 6. d4 Nh6 7. h4 0-0 8. Qd2 Re8 9. Nc3 c6 10. 0-0-0 f6 11. dxe5 dxe5 12. Ne4 Nf7 13. c5 b5 14. h5 g5 15. h6 Bf8 16. Qxd7 Bxd7 17. Rxd7 Be7 18. Rxd8 Rexd8 19. g4 a5 20. a3 Rd7 21. Be2 Nd8 22. Ne1 Ne6 23. Nd3 Rad8 24. Kc2 Rd5 25. b4 a4 26. Ng3 Kf7 27. f3 Bf8 28. Bc1 R5d7 29. Nf2 Kg8 30. Nfe4 Rf7 31. Nf5 Nc7 32. Kb2 Ne8 33. Bd1 Rfd7 34. Bc2 Kh8 35. Kc3 Kg8 36. Bd2 Kh8 37. Bb1 Ra7 38. Ba2 Rad7 39. Bb1 Ra7 40. Ba2 Rad7 41. Kc2 Ra7 42. Bc3 Rad7 43. Nxf6 Nxf6 44. Bxe5 Rd2+ 45. Kb1 1-0

[Event "BCF-chT4 0708 (4NCL)"]
[Site "England"]
[Date "2007.11.24"]
[Round "3.1"]
[White "Sully, David John"]
[Black "Dunn, Andrew"]
[Result "0-1"]
[WhiteElo "2135"]
[BlackElo "2198"]
[PlyCount "106"]
[EventDate "2007.09.15"]
[EventType "team-swiss"]
[EventRounds "11"]
[EventCountry "ENG"]
[SourceTitle "EXT 2009"]
[Source "ChessBase"]
[SourceDate "2008.11.26"]
[SourceVersion "1"]
[SourceVersionDate "2008.11.26"]
[SourceQuality "1"]
[WhiteTeam "Pontypridd"]
[BlackTeam "Poisoned Pawns II"]
[WhiteTeamCountry "ENG"]
[BlackTeamCountry "ENG"]

1. e4 c6 2. c4 d5 3. exd5 Nf6 4. Nc3 cxd5 5. cxd5 Nxd5 6. Nf3 Nc6 7. d4 Bg4 8. Be2 e6 9. 0-0 Be7 10. h3 Bh5 11. Qb3 Qb6 12. Nxd5 Qxb3 13. Nc7+ Kd7 14. axb3 Kxc7 15. Bf4+ Bd6 16. Be3 Rhd8 17. Rfc1 a6 18. g4 Bg6 19. Ne5 Bxe5 20. dxe5 Be4 21. f4 Rd7 22. b4 Bd3 23. Kf2 Bxe2 24. Kxe2 Rad8 25. Ke1 Rd3 26. Ra3 Rxa3 27. bxa3 Rd3 28. Bc5 Rxh3 29. a4 Rh1+ 30. Kd2 Rxc1 31. Kxc1 b6 32. Bd6+ Kd7 33. Kd2 f6 34. g5 fxg5 35. fxg5 Nd4 36. Bf8 g6 37. Ke3 Nf5+ 38. Kf4 Kc6 39. Ke4 Ng3+ 40. Kf3 Nf1 41. Ke4 Nd2+ 42. Ke3 Nc4+ 43. Kd4 Nb2 44. a5 bxa5 45. bxa5 Kb5 46. Be7 Nc4 47. Bd8 Nd2 48. Ke3 Nb3 49. Kd3 Nxa5 50. Kc3 Nc6 51. Bc7 Kc5 52. Kb3 Kd5 53. Ka4 Ke4 0-1